书目信息 |
| 题名: |
中国古代梦幻
|
|
| 作者: | 吴康 著 | |
| 分册: | ||
| 出版信息: | 海口 海南出版社 2002 |
|
| 页数: | 353页 | |
| 开本: | 21cm | |
| 丛书名: | ||
| 单 册: | ||
| 中图分类: | B845.1 | |
| 科图分类: | ||
| 主题词: | 梦--meng--精神分析--研究--中国--古代 | |
| 电子资源: | ||
| ISBN: | 7-5443-0413-2 | |
| 000 | 00772nam0 2200229 450 | |
| 001 | 012006127633 | |
| 005 | 20080825104956.10 | |
| 010 | @a7-5443-0413-2@dCNY20.00 | |
| 100 | @a20061130d2002 km y0chiy0120 ea | |
| 101 | 0 | @achi |
| 102 | @aCN@b460000 | |
| 102 | @aCN@b430000 | |
| 105 | @ay z 000yy | |
| 200 | 1 | @a中国古代梦幻@Azhong guo gu dai meng huan@f吴康著@Fwu kang zhu |
| 210 | @a海口@c海南出版社@d2002 | |
| 215 | @a353页@d21cm | |
| 330 | @a本书共有6章,包括:“预言梦”、“通神梦”、“梦魂”、“性梦幻”、“地狱”、“哲理梦”等,沿着历史的线索进行描述与探寻,为读者清晰地勾画了一条古代梦幻的发展轨迹。 | |
| 606 | 0 | @a梦@Ameng@x精神分析@x研究@y中国@z古代 |
| 690 | @aB845.1@v4 | |
| 701 | 0 | @a吴康@Awu kang@4著 |
| 801 | 0 | @aCN@c20080825 |
| 905 | @dB845.1@eW812 | |
| 中国古代梦幻/吴康著.-海口:海南出版社,2002 |
| 353页;21cm |
| ISBN 7-5443-0413-2:CNY20.00 |
| 本书共有6章,包括:“预言梦”、“通神梦”、“梦魂”、“性梦幻”、“地狱”、“哲理梦”等,沿着历史的线索进行描述与探寻,为读者清晰地勾画了一条古代梦幻的发展轨迹。 |
| ● |
| 相关链接 |
|
|
|
正题名:中国古代梦幻
索取号:B845.1/W812
 
预约/预借
| 序号 | 登录号 | 条形码 | 馆藏地/架位号 | 状态 | 备注 |
| 1 | 714188 | 207141886 | 社科库509/509社科库 40排2列6层/ [索取号:B845.1/W812] | 在馆 | |
| 2 | 714189 | 207141895 | 社科库509/509社科库 40排2列6层/ [索取号:B845.1/W812] | 在馆 | |
| 3 | 714190 | 207141902 | 社科库509/509社科库 40排2列6层/ [索取号:B845.1/W812] | 在馆 |